Cancioneiro de Corte e de Magnates (Record no. 39485)

MARC details
000 -LEADER
campo de control de longitud fija 00602nam a2200169 i 4500
001 - NÚMERO DE CONTROL
campo de control 39485
003 - IDENTIFICADOR DE NÚMERO DE CONTROL
campo de control ES-MaACL
005 - FECHA Y HORA DE LA ÚLTIMA TRANSACCIÓN
campo de control 20230906160010.0
007 - CAMPO FIJO DE DESCRIPCIÓN FÍSICA--INFORMACIÓN GENERAL
campo de control de longitud fija t|
008 - DATOS DE LONGITUD FIJA--INFORMACIÓN GENERAL
campo de control de longitud fija 030303s1968 xxu ||||1| gao d
245 00 - MENCIÓN DEL TÍTULO
Título Cancioneiro de Corte e de Magnates
Resto del título : MSCXIV/2-2 da biblioterca pública e Arquivo Distrital de Evora /
Mención de responsabilidad, etc. ediçao e votas por Arthur Lee-Francis Askins.
260 ## - PUBLICACIÓN, DISTRIBUCIÓN, ETC.
Lugar de publicación, distribución, etc. Berkreley :
Nombre del editor, distribuidor, etc. University of California,
Fecha de publicación, distribución, etc. 1968.
300 ## - DESCRIPCIÓN FÍSICA
Extensión 601 p. ;
Dimensiones 24 cm.
700 1# - ENTRADA AGREGADA--NOMBRE PERSONAL
Nombre de persona Askins, Arthur Lee-Francis.
9 (RLIN) 23626
710 2# - ENTRADA AGREGADA--NOMBRE DE ENTIDAD CORPORATIVA
Nombre de entidad corporativa o nombre de jurisdicción como elemento de entrada University of California.
9 (RLIN) 7502
852 ## - LOCALIZACIÓN
Ubicación ES-MaACL
Número de control de estantería C-46711
Sublocalización o colección R.66919
Holdings
Estatus retirado Estado de pérdida Estado de daño No para préstamo Biblioteca de origen Biblioteca actual Ubicación en estantería Fecha de adquisición Fuente de adquisición Total de préstamos Signatura topográfica completa Código de barras Visto por última vez Precio de reemplazo Tipo de ítem Koha
        Biblioteca del Ateneo de Madrid Biblioteca del Ateneo de Madrid Depósito 2 17/01/2008     C-46711 1041583 23/02/2023 23/02/2023 Libro impreso